Was geht mein Glaube die Kirche an? Ein Dialog

Tallennettuna:
Bibliografiset tiedot
Päätekijä: Balthasar, Hans Urs von (Tekijä)
Aineistotyyppi: Kirja
Kieli:saksa
Julkaistu: Friburgo de Brisgovia Johannes 1980
Painos:1a. ed
Sarja:Antwort des Glaubens, 7
Aiheet:
Tagit: Lisää tagi
Ei tageja, Lisää ensimmäinen tagi!

MARC

LEADER 00000cam a2200000 a 4500
001 UCE7534
003 CL-VaPUC
008 150626e19800000gw |||||||||||||||||ger|d
082 0 4 |a 281  |b BAL  |2 21 
100 0 |a Balthasar, Hans Urs von  |e author  |9 580179 
245 1 0 |a Was geht mein Glaube die Kirche an? Ein Dialog 
250 |a 1a. ed 
300 |a 15 p 
942 |c BK 
945 |d 20150626 15:30:00  |a dcastane 
260 |a Friburgo de Brisgovia  |b Johannes  |c 1980 
650 0 |a Iglesia Católica  |9 256114 
650 0 |a Creencia Religiosa  |9 316904 
650 0 |a Cristología   |9 315091 
583 |a last modification  |c 20150626 15:30:00  |k Rodrigo Vera 
490 0 |a Antwort des Glaubens, 7 
999 |c 359596  |d 359594 
952 |0 0  |1 0  |3 erb  |4 0  |6 281_000000000000000_BAL_1980  |7 0  |8 A  |9 468864  |a BIBTEO  |b BIBTEO  |e Casale Rolle, Carlos Ignacio, -2014  |i 5187435  |o 281 BAL 1980  |p 5187435  |r 2025-01-17  |w 2019-11-23  |y BK  |z Catalogado en:20150626  |k ICR